Mi claustro / (Record no. 184839)

MARC details
000 -LEADER
campo de control de longitud fija 00702nam a22001575i 4500
001 - NÚMERO DE CONTROL
campo de control 184839
003 - IDENTIFICADOR DE NÚMERO DE CONTROL
campo de control ES-MaACL
005 - FECHA Y HORA DE LA ÚLTIMA TRANSACCIÓN
campo de control 20230906222305.0
008 - DATOS DE LONGITUD FIJA--INFORMACIÓN GENERAL
campo de control de longitud fija 160204s1856 sp |||| | spa d
100 1# - ENTRADA PRINCIPAL--NOMBRE DE PERSONA
Nombre de persona Patxot y Ferrer, Fernando (
Fechas asociadas al nombre 1812-1859)
9 (RLIN) 158661
245 10 - MENCIÓN DEL TÍTULO
Título Mi claustro /
Mención de responsabilidad, etc. por Sor Adela.
260 ## - PUBLICACIÓN, DISTRIBUCIÓN, ETC.
Lugar de publicación, distribución, etc. [Madrid] :
Nombre del editor, distribuidor, etc. Librería de la Publicidad y de Cuesta ;
Lugar de publicación, distribución, etc. Barcelona :
Nombre del editor, distribuidor, etc. Librería Histórcia,
Fecha de publicación, distribución, etc. 1856 (
Lugar de fabricación/manufactura Barcelona :
Fabricante Imp. de Luis Tasso)
300 ## - DESCRIPCIÓN FÍSICA
Extensión 204 p., [25] h. de lám. ;
Dimensiones 24 cm.
594 ## - Nota al título y mención de responsabilidad
Nota al título y mención de responsabilidad Sor Adela es seudónimo de Ferran Patxot y Ferrer (pseud. de Manuel Ortiz de la Vega)
852 ## - LOCALIZACIÓN
Ubicación ES-MaACL
Número de control de estantería G-8080(2).-
Nota libre Anotaciones manuscritas jocosas en el texto
-- .- Enc. con otra obra
Holdings
Estatus retirado Estado de pérdida Estado de daño No para préstamo Colección Biblioteca de origen Biblioteca actual Ubicación en estantería Fecha de adquisición Fuente de adquisición Total de préstamos Signatura topográfica completa Código de barras Visto por última vez Precio de reemplazo Tipo de ítem Koha
        Libros del s. XIX Biblioteca del Ateneo de Madrid Biblioteca del Ateneo de Madrid Sala Pecera Planta 3 04/02/2016     G-8080(2) 1194667 23/02/2023 23/02/2023 Libro impreso antiguo